Food Science (Record no. 14118)
[ view plain ]
| 000 -LEADER | |
|---|---|
| fixed length control field | 00372nam a22001457a 4500 |
| 020 ## - INTERNATIONAL STANDARD BOOK NUMBER | |
| ISBN | 812390472X |
| 082 ## - DEWEY DECIMAL CLASSIFICATION NUMBER | |
| Classification number | 664 |
| Item number | POT/FO |
| 100 ## - MAIN ENTRY--AUTHOR NAME | |
| Personal name | Potter, Norman N |
| -- | Hotchkiss, Joseph H |
| 245 ## - TITLE STATEMENT | |
| Title | Food Science |
| 250 ## - EDITION STATEMENT | |
| Edition statement | 5 |
| 260 ## - PUBLICATION, DISTRIBUTION, ETC. (IMPRINT) | |
| Place of publication | New Delhi |
| Name of publisher | CBS Publishers & Distributors Pvt Ltd |
| Year of publication | 2007 |
| 300 ## - PHYSICAL DESCRIPTION | |
| Number of Pages | 608 |
| 700 ## - ADDED ENTRY--PERSONAL NAME | |
| Personal name | Hotchkiss, Joseph H |
| 942 ## - ADDED ENTRY ELEMENTS (KOHA) | |
| Koha item type | Books |
| Withdrawn status | Lost status | Damaged status | Collection code | Home library | Current library | Shelving location | Date acquired | Source of acquisition | Cost, normal purchase price | Full call number | Accession Number | Koha item type |
|---|---|---|---|---|---|---|---|---|---|---|---|---|
| KAUAET | KAUAET | General Stacks | 30/03/2013 | Aman Book Stall, Calicut | 0.00 | 664 POT/FO | 24044 | Books | ||||
| KAUAET | KAUAET | General Stacks | 30/03/2013 | Aman Book Stall, Calicut | 0.00 | 664 POT/FO | 24045 | Books | ||||
| KAUAET | KAUAET | General Stacks | 02/07/2016 | Aman Book Stall, Calicut | 495.00 | 664 POT/FO | 24986 | Books | ||||
| KAUAET | KAUAET | General Stacks | 02/07/2016 | Aman Book Stall, Calicut | 495.00 | 664 POT/FO | 24987 | Books | ||||
| KAUAET | KAUAET | General Stacks | 24/07/2018 | 664 POT/FO | 24648 | Books | ||||||
| KAUAET | KAUAET | 26/08/2022 | 664 POT/FO | 25968 | Books |
